Modern law of insurance in India Ed 7 (Record no. 241298)

MARC details
000 -LEADER
fixed length control field 02292nam a22002657a 4500
005 - DATE AND TIME OF LATEST TRANSACTION
control field 20260424164425.0
008 - FIXED-LENGTH DATA ELEMENTS--GENERAL INFORMATION
fixed length control field 260418b |||||||| |||| 00| 0 eng d
020 ## - INTERNATIONAL STANDARD BOOK NUMBER
International Standard Book Number 9789391211974
040 ## - CATALOGING SOURCE
Transcribing agency AL
041 ## - LANGUAGE CODE
Language code of text/sound track or separate title eng
082 ## - DEWEY DECIMAL CLASSIFICATION NUMBER
Classification number 346.086
Item number MURM
100 ## - MAIN ENTRY--PERSONAL NAME
Personal name K S N Murthy
100 ## - MAIN ENTRY--PERSONAL NAME
9 (RLIN) 262691
245 ## - TITLE STATEMENT
Title Modern law of insurance in India Ed 7
250 ## - EDITION STATEMENT
Edition statement 7
260 ## - PUBLICATION, DISTRIBUTION, ETC.
Place of publication, distribution, etc. Haryana
Name of publisher, distributor, etc. Lexis Nexis
Date of publication, distribution, etc. 2024
300 ## - PHYSICAL DESCRIPTION
Extent xlii,858p
Other physical details PB
Dimensions 24X25.5cm
365 ## - TRADE PRICE
Source of price type code Law
Price type code 1343/14-03-2026
Price amount ₹1012.50
Currency code
Unit of pricing ₹1350.00
Price note 25%
Price effective from 14-03-2026
520 ## - SUMMARY, ETC.
Summary, etc. K S N Murthy Modern Law of Insurance in India is an authority about insurance and has been a key text for professionals and students of Law for over four and a half decades. It is a thematic treatment to the laws applicable to various kinds of insurance prevalent in India. This book succinctly traces the history and evolution of Insurance Law, thoroughly examining its fundamental principles. The systematic arrangement of the topics makes for easy reading and reference. Many decisions of the English and the Indian Courts on insurance are cited and adequately discussed at appropriate places. The present edition has been comprehensively updated and revised to include all major recent case law and legislative developments since publication of last edition.<br/>Key Features:<br/>The bare bones of the law of insurance have been fleshed out with lucid and comprehensive commentary on its various aspects<br/>Focuses on the advancements in insurance law since the previous edition<br/>Contains critical appraisal of judgments of the Indian and foreign Courts that have led to change and development in the legal position<br/>The book seeks to crystallize, in general, the concept, scope, origin and development of insurance within the legal frameworks of both India and abroad<br/>Includes important decisions of Supreme Court and various High Courts<br/>Provides references to the relevant sections of the new Criminal Laws, namely, The Bharatiya Nyaya Sanhita, 2023, The Bharatiya Nagarik Suraksha Sanhita, 2023 and The Bharatiya Sakshya Adhiniyam, 2023
650 ## - SUBJECT ADDED ENTRY--TOPICAL TERM
Topical term or geographic name entry element Life Insurance
9 (RLIN) 262163
650 ## - SUBJECT ADDED ENTRY--TOPICAL TERM
Topical term or geographic name entry element Fire Insurance
9 (RLIN) 262164
650 ## - SUBJECT ADDED ENTRY--TOPICAL TERM
Topical term or geographic name entry element Marine Insurance
9 (RLIN) 262165
650 ## - SUBJECT ADDED ENTRY--TOPICAL TERM
Topical term or geographic name entry element Liability Insurance
9 (RLIN) 262166
700 ## - ADDED ENTRY--PERSONAL NAME
Personal name K V S Sarma
9 (RLIN) 262167
942 ## - ADDED ENTRY ELEMENTS (KOHA)
Source of classification or shelving scheme Dewey Decimal Classification
Koha item type Book
Holdings
Withdrawn status Lost status Source of classification or shelving scheme Damaged status Not for loan Collection code Home library Current library Date acquired Cost, normal purchase price Total Checkouts Full call number Barcode Date last seen Cost, replacement price Price effective from Koha item type Source of acquisition
    Dewey Decimal Classification     Law St Aloysius Law Library St Aloysius Law Library 04/16/2026 1012.50   346.086 MURM LL002541 04/18/2026 1350.00 03/14/2026 Book  
    Dewey Decimal Classification     Law St Aloysius Law Library St Aloysius Law Library 04/16/2026 1012.50   346.086 MURM LL002542 04/18/2026 1350.00 03/14/2026 Book MPP House Bengaluru-560009
    Dewey Decimal Classification     Law St Aloysius Law Library St Aloysius Law Library 04/16/2026 1012.50   346.086 MURM LL002543 04/18/2026 1350.00 03/14/2026 Book MPP House Bengaluru-560009